[Event "TUR-chT2"]
[Site "Konya"]
[Date "2014.06.23"]
[Round "1.11"]
[White "Mammadov, Zaur Fazahir Oglu"]
[Black "Erilli, Necati Alp"]
[Result "1-0"]
[WhiteElo "2459"]
[BlackElo "1926"]
[PlyCount "75"]
[EventDate "2014.06.23"]
[EventType "team-swiss"]
[EventRounds "9"]
[EventCountry "TUR"]
[SourceTitle "CBM 161 Extra"]
[Source "ChessBase"]
[SourceDate "2014.08.29"]
[SourceVersion "1"]
[SourceVersionDate "2014.08.29"]
[SourceQuality "1"]
[WhiteTeam "Burdur"]
[BlackTeam "Gercek"]
[WhiteTeamCountry "TUR"]
[BlackTeamCountry "TUR"]

1. e4 e5 2. Nf3 Nc6 3. Nc3 Nf6 4. Be2 Be7 5. 0-0 0-0 6. d4 exd4 7. Nxd4 Nxd4 8. Qxd4 d6 9. Bf4 Bd7 10. Rad1 Qc8 11. Bg3 Bc6 12. f4 Nd7 13. Bg4 Qb8 14. Qc4 Nb6 15. Qd3 Na4 16. Nxa4 Bxa4 17. e5 Bc6 18. f5 dxe5 19. Bxe5 f6 20. Bf4 Bc5+ 21. Kh1 Bb6 22. b4 a6 23. c4 Kh8 24. Qg3 Qe8 25. c5 Ba7 26. Bxc7 Bb8 27. Bxb8 Rxb8 28. Bf3 Bxf3 29. Qxf3 Qb5 30. a3 Rfe8 31. Rfe1 h6 32. h3 Kh7 33. Re6 Red8 34. Rde1 Rd7 35. Rb6 Qd3 36. Qxd3 Rxd3 37. Re7 Ra8 38. c6 1-0

[Event "TUR-ch"]
[Site "Kemer"]
[Date "2012.01.31"]
[Round "4"]
[White "Eremkere, Mehmet Halil"]
[Black "Erilli, Necati Alp"]
[Result "1/2-1/2"]
[WhiteElo "1946"]
[BlackElo "1907"]
[PlyCount "126"]
[EventDate "2012.01.29"]
[EventType "swiss"]
[EventRounds "10"]
[EventCountry "TUR"]
[SourceTitle "CBM 146 Extra"]
[Source "ChessBase"]
[SourceDate "2012.02.29"]
[SourceVersion "1"]
[SourceVersionDate "2012.02.29"]
[SourceQuality "1"]

1. e4 c5 2. Nf3 Nc6 3. d4 cxd4 4. Nxd4 Nf6 5. Nc3 e5 6. Ndb5 d6 7. Bg5 a6 8. Na3 b5 9. Nd5 Be7 10. Bxf6 Bxf6 11. c3 0-0 12. Nc2 Bg5 13. Nce3 Kh8 14. h4 Bxe3 15. Nxe3 Be6 16. g4 Ne7 17. h5 f6 18. Bg2 Ra7 19. Qd2 Rd7 20. a4 d5 21. exd5 Bxd5 22. Bxd5 Nxd5 23. Nxd5 Rxd5 24. Qe2 Qd7 25. axb5 axb5 26. Rh3 Rd8 27. Re3 Rd2 28. Qf3 Rxb2 29. Rd3 Rb1+ 30. Rxb1 Qxd3 31. Qxd3 Rxd3 32. Rxb5 h6 33. Rb8+ Kh7 34. Rc8 Rd7 35. c4 g6 36. c5 gxh5 37. gxh5 Rd5 38. c6 Rc5 39. Ke2 f5 40. Rf8 Rxc6 41. Rf7+ Kg8 42. Rxf5 Kg7 43. Ke3 Rc4 44. Rxe5 Kf6 45. f4 Ra4 46. Kf3 Ra1 47. Re3 Kf5 48. Re5+ Kf6 49. Re8 Rh1 50. Rf8+ Ke6 51. Re8+ Kf6 52. Re5 Rf1+ 53. Kg3 Rg1+ 54. Kf2 Ra1 55. Re8 Ra5 56. Rf8+ Kg7 57. Rb8 Rxh5 58. Kf3 Ra5 59. Kg4 h5+ 60. Kh4 Kg6 61. Rg8+ Kf6 62. Rh8 Kg6 63. Rg8+ Kf6 1/2-1/2

[Event "TUR-ch"]
[Site "Kemer"]
[Date "2011.02.06"]
[Round "2"]
[White "Erilli, Necati Alp"]
[Black "Yildiz Kadioglu, Betul Cemre"]
[Result "0-1"]
[WhiteElo "1916"]
[BlackElo "2237"]
[PlyCount "64"]
[EventDate "2011.02.05"]
[EventType "swiss"]
[EventRounds "10"]
[EventCountry "TUR"]
[SourceTitle "CBM 140 Extra"]
[Source "ChessBase"]
[SourceDate "2011.03.01"]
[SourceVersion "1"]
[SourceVersionDate "2011.03.01"]
[SourceQuality "1"]

1. e4 e5 2. Nf3 Nc6 3. Bb5 a6 4. Ba4 Nf6 5. 0-0 b5 6. Bb3 Bb7 7. d3 Be7 8. a4 0-0 9. Re1 h6 10. Nbd2 Re8 11. Nf1 Bf8 12. Ng3 Na5 13. Ba2 c5 14. h3 d5 15. exd5 Bxd5 16. Bxd5 Qxd5 17. axb5 axb5 18. Qe2 Nd7 19. Bd2 Nc6 20. Qe4 Qxe4 21. Nxe4 Nd4 22. Nxd4 cxd4 23. g4 f6 24. Kg2 Nb6 25. Bxh6 Rec8 26. Rxa8 Nxa8 27. Bd2 Rxc2 28. Ra1 Nb6 29. Ra6 Nd5 30. Ra8 Rxb2 31. Rd8 Nc7 32. Nxf6+ gxf6 0-1

[Event "TUR-ch"]
[Site "Kemer"]
[Date "2011.02.06"]
[Round "3"]
[White "Satici, Aydin"]
[Black "Erilli, Necati Alp"]
[Result "0-1"]
[WhiteElo "1871"]
[BlackElo "1916"]
[PlyCount "140"]
[EventDate "2011.02.05"]
[EventType "swiss"]
[EventRounds "10"]
[EventCountry "TUR"]
[SourceTitle "CBM 140 Extra"]
[Source "ChessBase"]
[SourceDate "2011.03.01"]
[SourceVersion "1"]
[SourceVersionDate "2011.03.01"]
[SourceQuality "1"]

1. Nf3 Nf6 2. g3 c5 3. Bg2 Nc6 4. 0-0 g6 5. c4 Bg7 6. d4 cxd4 7. Nxd4 0-0 8. c5 Nh5 9. Nb3 b6 10. Nc3 Bb7 11. Be3 Rb8 12. Qc1 Ba8 13. Rd1 Qc8 14. cxb6 axb6 15. Nd5 Qd8 16. Qd2 Na5 17. Bd4 Nxb3 18. axb3 Bc6 19. Qb4 Bxd5 20. Bxd5 Nf6 21. Bg2 d6 22. Ra7 Nd7 23. Bxg7 Kxg7 24. Qb5 Nf6 25. Rda1 Rc8 26. Ra8 Rxa8 27. Rxa8 Qc7 28. Rxf8 Kxf8 29. Bf3 Qc5 30. Qa6 e6 31. Qa8+ Kg7 32. Qb7 d5 33. g4 h6 34. Qa6 e5 35. e3 Qc1+ 36. Kg2 e4 37. Be2 Qxb2 38. Qb5 Qc2 39. Kf1 Qc7 40. Kg2 Qd6 41. b4 g5 42. h3 Nd7 43. Qa4 Ne5 44. Qa1 Kh7 45. Qd4 Ng6 46. b5 Ne7 47. Bd1 Kg8 48. Bb3 Kf8 49. Qh8+ Ng8 50. Qd4 Nf6 51. Qa1 Ke7 52. Bd1 Nd7 53. Be2 Qe5 54. Qa4 Qd6 55. Qa1 Ne5 56. Qa8 Nd3 57. Qb7+ Ke6 58. Qc8+ Qd7 59. Qh8 Qxb5 60. Qxh6+ f6 61. h4 Qb2 62. hxg5 Qxe2 63. Qxf6+ Kd7 64. Qf5+ Kd6 65. g6 Qf3+ 66. Qxf3 exf3+ 67. Kg3 Ke6 68. g5 b5 69. Kh4 Ke7 70. Kh5 Kf8 0-1

[Event "TUR-ch op"]
[Site "Antalya"]
[Date "2008.02.10"]
[Round "11.32"]
[White "Erilli, Necati Alp"]
[Black "Koksal, Recep"]
[Result "1/2-1/2"]
[WhiteElo "1970"]
[BlackElo "1926"]
[PlyCount "38"]
[EventDate "2008.02.04"]
[EventType "swiss"]
[EventRounds "11"]
[EventCountry "TUR"]
[SourceTitle "CBM 122 Extra"]
[Source "ChessBase"]
[SourceDate "2008.03.04"]
[SourceVersion "1"]
[SourceVersionDate "2008.03.04"]
[SourceQuality "1"]

1. e4 e5 2. d4 exd4 3. f4 Bb4+ 4. Bd2 Bxd2+ 5. Nxd2 Nf6 6. Ngf3 Nc6 7. Bd3 d6 8. 0-0 Bg4 9. h3 Bxf3 10. Nxf3 Qe7 11. Re1 0-0-0 12. a4 h6 13. Qd2 Rhg8 14. b4 g5 15. b5 g4 16. bxc6 gxf3 17. cxb7+ Kb8 18. g4 Nxg4 19. hxg4 Rxg4+ 1/2-1/2

[Event "TUR-ch op"]
[Site "Antalya"]
[Date "2008.02.07"]
[Round "7.31"]
[White "Erilli, Necati Alp"]
[Black "Inci, Hasan Can"]
[Result "1/2-1/2"]
[WhiteElo "1970"]
[BlackElo "1642"]
[PlyCount "64"]
[EventDate "2008.02.04"]
[EventType "swiss"]
[EventRounds "11"]
[EventCountry "TUR"]
[SourceTitle "CBM 122 Extra"]
[Source "ChessBase"]
[SourceDate "2008.03.04"]
[SourceVersion "1"]
[SourceVersionDate "2008.03.04"]
[SourceQuality "1"]

1. e4 c5 2. Nf3 Nc6 3. d4 cxd4 4. Nxd4 Nf6 5. Nc3 e6 6. Bg5 Bb4 7. Nxc6 bxc6 8. Qd4 c5 9. Qd3 h6 10. Bd2 0-0 11. Be2 d5 12. e5 Nd7 13. Qg3 Kh8 14. 0-0 d4 15. Ne4 Bxd2 16. Nxd2 Bb7 17. Bd3 Nb6 18. b3 g5 19. Ne4 Bxe4 20. Bxe4 Nd5 21. Qf3 f5 22. Bxd5 Qxd5 23. Qh3 Kg7 24. Rfe1 f4 25. Qd3 Rf5 26. Qa6 Kg6 27. Qd3 Kg7 28. Qa6 Kg6 29. Qd3 Kg7 30. Qe4 Qxe4 31. Rxe4 a5 32. Rd1 Rd8 1/2-1/2

[Event "TUR-ch op"]
[Site "Antalya"]
[Date "2008.02.06"]
[Round "5.56"]
[White "Erilli, Necati Alp"]
[Black "Dincer, Tutku"]
[Result "1-0"]
[WhiteElo "1970"]
[BlackElo "1576"]
[PlyCount "147"]
[EventDate "2008.02.04"]
[EventType "swiss"]
[EventRounds "11"]
[EventCountry "TUR"]
[SourceTitle "CBM 122 Extra"]
[Source "ChessBase"]
[SourceDate "2008.03.04"]
[SourceVersion "1"]
[SourceVersionDate "2008.03.04"]
[SourceQuality "1"]

1. e4 e5 2. Nf3 Nf6 3. d4 Nxe4 4. Nxe5 d5 5. Bd3 Be7 6. c4 Bb4+ 7. Bd2 Bxd2+ 8. Nxd2 Nxd2 9. Qxd2 0-0 10. 0-0 dxc4 11. Bxc4 Nd7 12. Qf4 Qf6 13. Qg3 Nxe5 14. dxe5 Qf5 15. Rac1 c6 16. Rfe1 Be6 17. Qb3 Bxc4 18. Rxc4 Qe6 19. Qc2 Rad8 20. f4 g6 21. Rc3 Rfe8 22. Rf3 Qd5 23. Rfe3 Qe6 24. h3 h5 25. Rg3 Kh8 26. Rg5 Qd5 27. Kh2 Qd4 28. Re4 Qd3 29. Qe2 Qxe2 30. Rxe2 Rd5 31. e6 Rxg5 32. exf7 Rxg2+ 33. Rxg2 Rf8 34. Rxg6 Rxf7 35. Rh6+ Kg7 36. Rxh5 Rxf4 37. Rg5+ Kh6 38. Rg2 Rf6 39. Rd2 a5 40. Kg2 b5 41. b3 Kh5 42. Rd4 Rf5 43. Rd8 Rc5 44. Rh8+ Kg6 45. Ra8 b4 46. Kg3 Rg5+ 47. Kf4 Rh5 48. Ra6 Rxh3 49. Rxc6+ Kf7 50. Rc5 a4 51. bxa4 Ra3 52. Rc2 Ke6 53. Ke4 Rxa4 54. Kd3 Kd5 55. Kd2 Kd4 56. Kc1 Kd3 57. Rh2 Ra7 58. Kb2 Rb7 59. Rh4 Rb6 60. Kb3 Ra6 61. Rxb4 Ra5 62. a4 Ra6 63. Rb5 Kd4 64. Kb4 Ra8 65. a5 Ra7 66. Rb6 Rc7 67. Rd6+ Ke5 68. Rd1 Ke6 69. Kb5 Rd7 70. Re1+ Kd6 71. Kb6 Rf7 72. Rd1+ Ke7 73. a6 Rf2 74. Rb1 1-0